| 000 | 01137nam a2200325 i 4500 | ||
|---|---|---|---|
| 001 | 000007689 | ||
| 003 | DO-SdBNP | ||
| 005 | 20251009111049.0 | ||
| 007 | ta | ||
| 008 | 090824s1985 dr 001 0 spa d | ||
| 040 |
_aDO-SdBNP _bspa _cBNPHU _erda |
||
| 041 | _aspa | ||
| 049 | _aBNPD | ||
| 082 | 4 |
_a344.729301 _bH557m 1985 _222 |
|
| 100 |
_aHernández Rueda, Lupo, _d1930-2017 _eautor _4aut. _923790 |
||
| 245 | 1 | 0 |
_aManual de derecho del trabajo / _cLupo Hernández Rueda. |
| 250 | _aCuarta edición ampliada, corregida y actualizada | ||
| 264 | 1 |
_aDsnto Domingo : _bInstituto de Estudios del Trabajo, _c1985. |
|
| 300 |
_avolumen ; _c23 cm. |
||
| 336 |
_atexto _btxt _2rdacontent |
||
| 337 |
_asin mediación _bn _2rdamedia |
||
| 338 |
_avolumen _bnc _2rdacarrier |
||
| 500 | _aLa biblioteca posee el volumen 1 | ||
| 500 | _aIncluye referencias bibliográficas y notas al pie de las páginas | ||
| 590 | _aInventariado, 2025/BT | ||
| 650 | 4 |
_aDerecho laboral _zRepública Dominicana _97337 |
|
| 650 | 4 |
_aLegislación laboral _zRepública Dominicana _911733 |
|
| 910 | _aValidado. Control de calidad MMOLINA | ||
| 942 |
_2ddc _cLBS1 |
||
| 999 |
_c7469 _d7469 |
||